000 00317nam a22001337a 4500
008 190304b xxu||||| |||| 00| 0 eng d
020 _a9780071703543
041 _aeng
080 _28th
_a615
100 _a5
101 _aFAR
245 _aPharmacotherapy a pathophysiology approach
_cDipiro,J.T
942 _2udc
_cBK
999 _c54387
_d54387